Statistiken für Länder mit nur einer Grenze

Klicken Sie hier um das Quiz zu spielen!

Allgemein

  • Dieses Quiz wurde 352 mal gespielt
  • Das Durchschnittsergebnis liegt bei 14 aus 17

Antwortstatistiken

grenzt anLand% Korrekt
IrlandVereinigtes Königreich
98%
SpanienPortugal
96%
ItalienVatikan
94%
ItalienSan Marino
92%
Vereinigtes KönigreichIrland
91%
Vereinigte StaatenKanada
91%
DeutschlandDänemark
90%
HaitiDominikanische Republik
89%
Dominikanische RepublikHaiti
89%
NordkoreaSüdkorea
87%
Saudi ArabienKatar
81%
FrankreichMonaco
79%
SüdafrikaLesotho
78%
MalaysiaBrunei
73%
SenegalGambia
71%
IndonesienOsttimor
70%
IndonesienPapua-Neuguinea
64%

Verteilung der Resultate

Perzentil nach korrekt beantworteten Fragen

Anzahl Personen mit jedem Resultat

Ihre Resultats-Entwicklung

Sie haben dieses Quiz noch nicht gespielt